000 00478nam a22001817a 4500
999 _c109940
_d109940
005 20190101090829.0
008 190101b ||||| |||| 00| 0 eng d
020 _a97890190635510
040 _cPK-LaUMT
082 _a152.4
_bSHI-E
100 _aShiota, Michelle N.
245 _aEmotion /
_cby Michelle N. Shiota and James W. Kalat
260 _aNew York :
_bOxford University Press,
_c2018
300 _a554 p.
546 _aEnglish
650 _aEmotions
942 _cBK